000 00425nam a2200097Ia 4500
082 _a658.3125|BUSS
245 0 _aPerformance management for government, universities, schools and NGOs : a practical and informative textbook for managing performance in service delivery-orientated organisations
100 _a BUSSIN, Mark Randburg, South Africa, 2013
_965149
942 _cBK
008 210817s9999 xx 000 0 und d
999 _c207891
_d207889